The SAGE handbppk of counselling and psychotherapy (Record no. 8854)

MARC details
000 -LEADER
fixed length control field 00529nam a22001937a 4500
003 - CONTROL NUMBER IDENTIFIER
control field OSt
005 - DATE AND TIME OF LATEST TRANSACTION
control field 20240625160801.0
008 - FIXED-LENGTH DATA ELEMENTS--GENERAL INFORMATION
fixed length control field 240625b |||||||| |||| 00| 0 eng d
020 ## - INTERNATIONAL STANDARD BOOK NUMBER
International Standard Book Number 9781-4129-0275-5
040 ## - CATALOGING SOURCE
Transcribing agency MUST
082 ## - DEWEY DECIMAL CLASSIFICATION NUMBER
Edition number 22
Classification number 361.01 SAG 2006
100 ## - MAIN ENTRY--PERSONAL NAME
Personal name Colin Feltham
9 (RLIN) 17890
245 ## - TITLE STATEMENT
Title The SAGE handbppk of counselling and psychotherapy
Statement of responsibility, etc. edited by colin Feltham
300 ## - PHYSICAL DESCRIPTION
Extent xxviii, 592p.
Dimensions 24cm
504 ## - BIBLIOGRAPHY, ETC. NOTE
Bibliography, etc includes index
650 ## - SUBJECT ADDED ENTRY--TOPICAL TERM
Source of heading or term counselling
700 ## - ADDED ENTRY--PERSONAL NAME
Personal name Horton, Ian
9 (RLIN) 17891
942 ## - ADDED ENTRY ELEMENTS (KOHA)
Source of classification or shelving scheme Dewey Decimal Classification
Koha item type Open Shelf
Holdings
Withdrawn status Lost status Source of classification or shelving scheme Damaged status Not for loan Home library Current library Date acquired Source of acquisition Inventory number Total Checkouts Full call number Barcode Date last seen Price effective from Koha item type
    Other/Generic Classification Scheme     MUST Main Library MUST Main Library 25/06/2024 Donation 10/32661   361.01 SAG 2006 2024-21332 25/06/2024 25/06/2024 Open Shelf